| 000 | 00497nam a2200157Ia 4500 | ||
|---|---|---|---|
| 008 | 151021s9999 xx 000 0 und d | ||
| 020 | _a131405462 | ||
| 050 | _aHF 5415 .123 .C58 2004 | ||
| 245 | _a_Intergrated Advertising, Promotion, and Marketing Communications / Clow Kenneth E. | ||
| 260 | _aNew Jersey : Pearsopn Education , 2004 | ||
| 300 | _axxvii,538 p. | ||
| 500 | _aIncludes index | ||
| 650 | _a_Advertising | ||
| 700 | _a_Donald Baack | ||
| 980 | _a^d20110712 04:13:24^okilerai | ||
| 999 |
_c7907 _d7907 |
||